000
00198 a2200097 4500
001
5139
100
_a
Mcadams,WH
245
_a
Heat transmission
260
_a
_b
McGraw Hill
_c
090
_c
4274
_d
4274
942
_a
NUST-CAE
_c
M
_c
30572
999
_c
240212
_d
240212